| 000 | 00489nam a2200145 4500 | ||
|---|---|---|---|
| 999 |
_c512491 _d512491 |
||
| 008 | 191126b ||||| |||| 00| 0 eng d | ||
| 100 |
_aQi, Hao _913853 |
||
| 245 | _aGiovanni Arrighi in Beijing: Rethinking the transformation of the labor supply in rural China during the reform era | ||
| 260 | _bScience and Society | ||
| 300 | _a83(3), Jul, 2019: p.327-354. | ||
| 700 |
_aLi, Xhongjin _913854 |
||
| 773 | _aScience and Society | ||
| 906 | _aLabour supply - China | ||
| 942 |
_2ddc _cAR |
||